| 000 | 00731cab a2200229 4500 | ||
|---|---|---|---|
| 001 | WB3420-33 | ||
| 008 | 090401t1998 xxu||||| |||| 00| 0 eng d | ||
| 035 | _a(Sirsi) u86448 | ||
| 041 | _aeng | ||
| 245 | 4 | _aThe marriage value | |
| 260 | _c1998 | ||
| 350 | _a0 | ||
| 490 |
_aEstates Gazette _v(9821) 23 May 1998, 42(1) |
||
| 520 | _aMarriage value is central to investment in the residential market and should be preserved in government`s planned reform of leasehold legislation, argues the British Property Federation. | ||
| 650 | _aBPF | ||
| 650 | _aLEASEHOLD REFORM | ||
| 650 | _aMARRIAGE VALUE | ||
| 650 |
_aValuation _96273 |
||
| 690 | _aLANDLORD AND TENANT-LEASEHOLD REFORM | ||
| 942 | _n0 | ||
| 948 | _c28/05/1998 | ||
| 999 |
_c54413 _d54413 |
||